000 00219 a2200097 4500
001 42842
100 _aMasud-ul-Hasan
245 _aPakistan places of interest
260 _aLahore
_bFerozsons
_c
090 _c26732
_d26732
942 _aNUST-CAE
_cM
_c18594
999 _c277915
_d277915